Modulation of Macrophage Tumor Necrosis Factor -Alpha Production by Gama-3 Polyunrated Fatty Acids Eicosanois and Calcium
Đã lưu trong:
| 主要作者: | |
|---|---|
| 格式: | 图书 |
| 语言: | Undetermined |
| 出版: |
Illinois
Urbana
1993
|
| 主题: | |
| 标签: |
添加标签
没有标签, 成为第一个标记此记录!
|
| Thư viện lưu trữ: | Trung tâm Học liệu Trường Đại học Cần Thơ |
|---|
| LEADER | 00571nam a2200181Ia 4500 | ||
|---|---|---|---|
| 001 | CTU_23590 | ||
| 008 | 210402s9999 xx 000 0 und d | ||
| 082 | |a 628.16832 | ||
| 082 | |b C518 | ||
| 100 | |a Chen, Steven Enchi | ||
| 245 | 0 | |a Modulation of Macrophage Tumor Necrosis Factor -Alpha Production by Gama-3 Polyunrated Fatty Acids Eicosanois and Calcium | |
| 245 | 0 | |c Steven Enchi Chen | |
| 260 | |a Illinois | ||
| 260 | |b Urbana | ||
| 260 | |c 1993 | ||
| 650 | |a acids, inorganic | ||
| 904 | |i Sáng, 980427 | ||
| 980 | |a Trung tâm Học liệu Trường Đại học Cần Thơ | ||